000 00775cam a2200253 a 4500
999 _c129281
_d129281
001 2807554
003 ARRUPE
005 20190328110156.0
008 820629s1983 iaua b 001 0 eng
010 _a 82072687
020 _a0697065537 (pbk.)
040 _aDLC
_cDLC
_dDLC
050 0 0 _aHQ1090
_b.D68 1983
082 0 0 _a305.31
_220
100 1 _aDoyle, James A.
_945471
245 1 4 _aThe male experience /
_cJames A. Doyle.
260 _aDubuque, Iowa :
_bW.C. Brown Co. Publishers,
_cc1983.
300 _axiv, 321 p. :
_bill. ;
_c23 cm.
504 _aIncludes bibliographies and indexes.
650 0 _aMen.
_945472
650 0 _aSex role.
_945473
650 0 _aMasculinity.
_91820
906 _a7
_bcbc
_corignew
_d3
_eopcn
_f19
_gy-gencatlg
942 _2lcc
_cMONOGRAPH